The Beatles: Rockband Songs - Statistics

General Stats
  • This quiz has been taken 30 times
  • The average score is 36 of 73
Answer Stats
Song % Correct
Get Back
84%
Twist And Shout
80%
Don't Let Me Down
76%
I Saw Her Standing There
72%
I Want To Hold Your Hand
72%
Something
72%
A Hard Day's Night
68%
Eight Days A Week
68%
Helter Skelter
68%
Here Comes The Sun
68%
While My Guitar Gently Weeps
68%
Do You Want To Know A Secret?
64%
Drive My Car
64%
I Am The Walrus
64%
Sgt. Pepper's Lonely Hearts Club Band / With A Little Help From My Friends
64%
Taxman
64%
Ticket To Ride
64%
A Day In The Life
60%
Back In The U.S.S.R.
60%
Boys
60%
Dig A Pony
60%
Lucy In The Sky With Diamonds
60%
Octopus's Garden
60%
Revolution
60%
Yellow Submarine
60%
Can't Buy Me Love
56%
Come Together
56%
Day Tripper
56%
Girl
56%
Golden Slumbers / Carry That Weight / The End
56%
Paperback Writer
56%
Hello, Goodbye
52%
Michelle
52%
Within You Without You / Tomorrow Never Knows
52%
I Feel Fine
48%
Maxwell's Silver Hammer
48%
Oh! Darling
48%
The End
48%
Getting Better
44%
I Me Mine
44%
I've Got A Feeling
44%
Nowhere Man
44%
Polythene Pam / She Came In Through The Bathroom Window
44%
Sun King / Mean Mr Mustard
44%
And Your Bird Can Sing
40%
Dear Prudence
40%
Fixing A Hole
40%
Her Majesty
40%
I'm Looking Through You
40%
I Wanna Be Your Man
40%
I Want You (She's So Heavy)
40%
Lovely Rita
40%
Within You Without You
40%
Because
36%
Birthday
36%
Good Morning Good Morning
36%
Hey Bulldog
36%
In My Life
36%
Norwegian Wood (This Bird Has Flown)
36%
Run For Your Life
36%
Wait
36%
When I'm Sixty Four
36%
You Never Give Me Your Money
36%
Being For The Benefit Of Mr. Kite!
32%
If I Needed Someone
32%
Sgt. Pepper's Lonely Hearts Club Band (Reprise)
32%
Abbey Road Medley
28%
The Word
28%
What Goes On
28%
You Won't See Me
28%
All You Need Is Love
24%
She's Leaving Home
24%
Think For Yourself
24%
No matching quizzes found
Score Distribution
Percent of People with Each Score
Percentile by Number Answered
Your Score History
You have not taken this quiz